000
00377nam a22001577a 4500
003
MPLRDC
005
20220104143330.0
008
210129b ||||| |||| 00| 0 eng d
082
_a
866 KHA
100
_a
OMAR KHAYYAM
245
_a
鲁拜集
_c
荷城等译
260
_a
_b
书林出版有限公司
_c
1987
300
_b
平
650
_a
伊朗文学
942
_c
BK
_o
866 KHA
999
_c
38880
_d
38870